000 00243nam a2200097Ia 4500
005 20251222114409.0
008 251222s1900||||xx |||||||||||||| ||spa||
082 _aDVD0093/F25/1993
245 0 _aPoultry at home:Aves de corral en casa
942 _cDVD
999 _c1943
_d1943